|
|
|
|
| LEADER |
00573cam a2200181 7i4500 |
| 001 |
0000010029 |
| 005 |
20010822090000.0 |
| 022 |
0 |
0 |
|a 10203516
|
| 090 |
0 |
0 |
|a I 382.6
|b ENC
|
| 245 |
0 |
0 |
|a Enhancing export opportunities through environmentally sound business development.
|
| 260 |
0 |
0 |
|a New York:
|b United Nations,
|c 2001.
|
| 300 |
# |
# |
|a 152 p.
|
| 440 |
0 |
0 |
|a Studies in trade and investment 44
|
| 650 |
0 |
0 |
|a Leather industry and trade
|
| 650 |
0 |
0 |
|a Textile fabrics
|
| 650 |
0 |
0 |
|a Agriculture
|
| 710 |
2 |
1 |
|a United Nations
|
| 999 |
|
|
|a 0000012656
|b Book
|c International
|e Business Information Centre
|